Adversaires du Real Madrid en Finales de la Ligue des Champions - Statistiques

Statistiques générales
  • Ce quiz a été pris 396 fois
  • Le résultat moyen est 5 sur 13
Answers on the Grid
Answers color-coded by a green-red scale on the quiz's grid according to % correct below.
AC Milan
Atlético de Madrid
Bayer Leverkusen
Benfica Lisbonne
Borussia Dortmund
Eintracht Francfort
Fiorentina
Inter Milan
Juventus Turin
Liverpool
Partizan Belgrade
Stade de Reims
Valence CF
Paris SG
Olympique de Marseille
Manchester City
Manchester United
Ajax Amsterdam
Bayern Munich
Cetlic Glasgow
Borussia Mönchengladbach
Malmö FF
Anderlecht
Sparta Prague
Etoile Rouge Belgrade
Dynamo Kiev
AS Monaco
FC Porto
Arsenal
Austria Vienne
 
Statistiques - réponses
Réponse % Correct
1981, 2018, 2022 Liverpool
65%
1998, 2017 Juventus Turin
61%
2014, 2016 Atlético de Madrid
60%
1956, 1959 Stade de Reims
60%
2024 Borussia Dortmund
55%
2002 Bayer Leverkusen
43%
2000 Valence CF
33%
1958 AC Milan
32%
1962 Benfica Lisbonne
25%
1964 Inter Milan
19%
1960 Eintracht Francfort
16%
1957 Fiorentina
14%
1966 Partizan Belgrade
13%
Aucun quiz correspondant
Distribution des résultats
% des personnes avec chaque résultat
Percentile par nombre de réponses
Votre historique - résultats
Vous n’avez pas pris ce quiz